| 000 | 00565nam a2200193 4500 | ||
|---|---|---|---|
| 999 |
_c13895 _d13895 |
||
| 003 | MIRAKIL | ||
| 005 | 20200814135633.0 | ||
| 008 | 200814b tu ||||| |||| 00| 0 tur d | ||
| 040 |
_aTR-AnCHP _cTR-AnCHP |
||
| 041 | _atur | ||
| 082 |
_a828.35 _bA75ö 1984 |
||
| 100 | 1 | _aAsimov, Isaac | |
| 245 | 1 | 0 |
_aÖlü Gezen/ _cIsaac Asimov ; Türkçesi Gönül Suveren. |
| 260 |
_aİstanbul: _bAltın Kitaplar Yayınevi, _c1984. |
||
| 300 |
_a335 s.: _c20 sm. |
||
| 650 | 0 |
_96078 _aAmerikan edebiyatı _xRoman |
|
| 700 |
_96077 _aSuveren, Gönül _eçev. |
||
| 942 |
_2ddc _cBKS |
||